Najvýznamnejšie zahraničné investície v automobilovom priemysle na Slovensku a ich vplyv na slovenskú ekonomiku bakalárska práca

Salvato in:
Dettagli Bibliografici
Autore principale: Rozsnyo, Patrik
Ente Autore: Fakulta podnikového manažmentu EU. Katedra podnikovohospodárska
Altri autori: Kubica, Milan, 1958-
Natura: Libro
Lingua:slovacco
Pubblicazione: Bratislava 2021
Tags: Aggiungi Tag
Nessun Tag, puoi essere il primo ad aggiungerne!!

MARC

LEADER 00000nbm a2200000 4500
001 0278198
005 20211118105808.5
041 0 |a slo 
044 |a SK 
245 1 0 |a Najvýznamnejšie zahraničné investície v automobilovom priemysle na Slovensku a ich vplyv na slovenskú ekonomiku  |b bakalárska práca  |c Patrik Rozsnyo ; školiteľ: Milan Kubica 
264 1 |a Bratislava  |c 2021 
300 |a 54 s. 
100 1 |a Rozsnyo, Patrik 
700 1 |a Kubica, Milan, 1958- 
710 2 |a Fakulta podnikového manažmentu EU. Katedra podnikovohospodárska